| 000 | 01892cam a2200289 4500 | ||
|---|---|---|---|
| 001 | ##L132885 | ||
| 002 | ##9871 | ||
| 008 | 060317n2006 000 0 eng u | ||
| 020 | _a0199291500 | ||
| 035 | _a(Sirsi) u132885 | ||
| 041 | 0 | _aeng | |
| 050 | 0 | 4 | _a346.410438 $2 18 |
| 100 | 1 | _aAbbey, Robert | |
| 245 | 0 | 2 | _aA practical approach to commercial conveyancing and property |
| 250 | _a3rd ed. | ||
| 260 |
_aOxford _bOxford University Press _c2006 |
||
| 300 |
_axxi, 509p _c25cm |
||
| 350 | _a39.95 | ||
| 505 | 2 | _aThe client -- An introduction to commercial conveyancing and property -- Rent and rent review -- Commercial lease covenants 1 -- Commercial lease covenants 2 -- Miscellaneous lease concerns: enforceability of lease covenants, insolvency and disclaimer, surrender and merger -- Remedies -- The Landlord and Tenant Act 1954 part 2 security of tenure for business tenants and the termination and renewal of business tenancies -- Property development: land acquisition, planning, construction and finance -- Selling and buying tenanted properties -- Revenue law and commercial conveyancing -- Your practice. | |
| 520 | _aProvides an accessible guide to the complex and diverse area of commercial conveyancing and property law. This new edition takes into account the changes brought about by the reforms to the Landlord and Tenant Act 1954 Part 2, the amendments to the 1987 Use Classes Order, the Enterprise Act 2002, the Standard Commercial Property Conditions, and the replacement of stamp duty with stamp duty land tax. Contains examples, checklists, precedent clauses, and forms. With tables of cases, statutes and statutory instruments. | ||
| 520 | _aSupersedes 2nd edition (ISBN 0199266190) | ||
| 650 | 2 | 4 | _aLANDLORD AND TENANT ACT 1954 |
| 650 | 2 | 4 | _aENTERPRISE ACT 2002 |
| 690 | _aPROPERTY-COMMERCIAL PROPERTY | ||
| 700 | 1 | _aRichards, Mark | |
| 942 | _n0 | ||
| 999 |
_c105273 _d105273 |
||